000 00634nam a22002297a 4500
001 00028925
005 20260428184049.0
008 260428b ag ||||| |||| 00| 0 spa d
020 _a8475836992
040 _aAR-CcCEOS
_bspa
_cAR-CcCEOS
041 _aspa
080 _a94:7(510)
090 _bBLU v.1
100 1 _aBlunden, Caroline
_91141
245 _aChina :
_bGigante milenario : Volumen I /
_cCaroline Blunden y Mark Elvin
264 _aBarcelona :
_bFolio,
_c1994.
300 _a119 p. ;
_c24x18 cm.
490 _vAtlas culturales del mundo
650 0 _ahistoria
_990
655 0 _aarte
_9138
942 _2udc
_cBK
_n0
999 _c28977
_d28977